00750nam a2200205 i 4500001001100000003000500011005001700016008004100033040002500074082001700099100004000116245013000156264006700286300003000353336002100383337002500404338002300429500006300452650002900515C2-0218974PPAK20180729134059.0990821s1990 my |||| ||||| | may d aPPAKbengcPPAKerda04a297.1222 230 aMohd. Nasir b. Mohd. Zain, eauthor10aTokoh Qari : bTuan Haji Abdul Hamid b. Desa peranan dan sumbangannya dalam bacaan Al-Quran di dalam negeri Kedah Darul Aman 1aBangi, Selangor : bUniversiti Kebangsaan Malaysia , c1990/91 axiii, 128 pages ; c30 cm 2rdacontentatext 2rdamediaaunmediated 2rdacarrieravolume aTesis - Latihan ilmiah ijazah SarjanaMuda pengajian Islam.10aKoran - Islamic history.